Archivmaterialien zu Dirk von Petersdorff, 1966-
| Main Author: | |
|---|---|
| Format: | Electronic Archival Collections |
| Language: | German |
| In: | Year: 2019 |
| Online Access: |
Archivdatenbank (Kalliope Verbundkatalog) |
| Check availability: | HBZ Gateway |
MARC
| LEADER | 00000npc a22000002 4500 | ||
|---|---|---|---|
| 001 | LR120931281 | ||
| 003 | PipeLineGenerated | ||
| 005 | 20260529132327.0 | ||
| 008 | 190606s2019 xx ||||| 00| ||ger c | ||
| 100 | |a Petersdorff, Dirk von |0 (DE-588)120931281 |0 (DE-627)080976689 |d 1966- | ||
| 245 | |a Archivmaterialien zu Dirk von Petersdorff, 1966- | ||
| 856 | |u https://kalliope-verbund.info/gnd/120931281 |3 Archivdatenbank (Kalliope Verbundkatalog) | ||
| ELC | |a 1 | ||
